zpět

Detail výsledku týmu

Restaurace Rychta, Kosmonosy

Datum a čas kvízu

24 Celkem bodů Celkový počet nahraných bodů na tomto kvízu bez doplňovacích otázek.
3. Pořadí na kvízu Konečné umístění týmu na tomto kvízu.

Zaznamenané odpovědi

# Otázka Odpověď Body Výsledky
1. V pátek přejel první vlak přes... Orlík 1
2. Po devíti dnech pátrání byla v... v Paříži 0
3. Ve kterém roce byl zničen chrá... Dykuvzdání 1
4. Ve čtvrtek byly vyhlášeny výsl... Zásilkovna 1
5. Ve čtvrtek začal evropský šamp... o házené 1
6. Začneme mladším (a slavnějším)... R.U.R. 0
7. Josef Čapek byl především malí... A 1
8. Přiřaďte k těmto literárním dí... 1B 2A 3D 4C 0
9. Doplňte dvouslovný název třetí... Obyčejný život 0
10. Napište název románu, jehož zá... Válka s Mloky 0